Drugs, development, and cerebral function ; [papers] /

Bibliographic Details
Corporate Author: Cerebral Function Symposium Denver
Other Authors: Smith, W. Lynn (Wallace Lynn), 1922-
Format: Conference Proceeding Book
Language:English
Published: Springfield, Ill. : Thomas, [1972]
Subjects:

MARC

Tag First Indicator Second Indicator Subfields
LEADER 00000cam a2200000 4500
001 in00000292221
005 20151010082802.0
008 720310s1972 ilua b 10000 eng d
010 |a  72165900  
020 |a 0398024170 
035 |a (OCoLC)00277443 
035 |9 ABF9336AM 
040 |a DLC  |c DLC  |d TXA  |d UtOrBLW 
049 |a TXAM  |c [1332196] 
050 0 0 |a RM315  |b .C4 1970 
082 0 |a 615/.78 
111 2 |a Cerebral Function Symposium  |n (2d :  |d 1970 :  |c Denver) 
245 1 0 |a Drugs, development, and cerebral function ;  |b [papers] /  |c Compiled and edited by W. Lynn Smith. With a foreword by Marcel Kinsbourne. 
264 1 |a Springfield, Ill. :  |b Thomas,  |c [1972] 
264 4 |c [©1972] 
300 |a xix, 404 pages :  |b illustrations 
336 |a text  |b txt  |2 rdacontent 
337 |a unmediated  |b n  |2 rdamedia 
338 |a volume  |b nc  |2 rdacarrier 
500 |a Papers of the 5th of this series of meetings are entered under title: Issues in brain/behavior control. 
504 |a Includes bibliographies. 
650 0 |a Psychopharmacology  |v Congresses. 
650 0 |a Neuropsychology  |v Congresses. 
700 1 |a Smith, W. Lynn  |q (Wallace Lynn),  |d 1922- 
999 |a MARS 
999 f f |s a6be621e-9e24-3c1d-b99e-b817271139d7  |i 35148dcc-bf82-33b7-91dc-e852f10fd863  |t 0 
952 f f |p ric  |a Texas A&M University  |b Rellis Campus  |c Joint Library Facility  |d Remote Storage  |t 0  |e RM315 .C4 1970  |h Library of Congress classification  |i unmediated -- volume  |m A14805154160 
998 f f |a RM315 .C4 1970  |t 0  |l Remote Storage